Представление документа в формате MARC21

Поле Инд. ПП Название Значение
Тип записи a
Библиографический уровень m
001 Контрольный номер 2aabdc1e31fa411e9cc0a93a17db8f2c
005 Дата корректировки 20260114133352.9
020 a ISBN 978-5-7995-1067-1
c Цена, тираж 483 р.
080 a Индекс УДК 316
084 a Индекс другой классификации/Индекс ББК С526.1
084 a Индекс другой классификации/Индекс ББК Ю95
084 a Индекс другой классификации/Индекс ББК Ю62
090 a Полочн. индекс С5
x Авторский знак С 69
097 b Оператор *Ст*
097 b Оператор *Фа*
097 b Оператор *О*
097 b Оператор *Фа-С*
097 b Оператор *С*
100 1_ a Автор Тягунов А.А.
245 10 a Заглавие Социогуманитарные источники накопления человеческого капитала в цифровом мире
b Продолж. заглавия монография
c Ответственность Тверской государственный технический университет
c Ответственность под редакцией А.А. Тягунова
260 a Место издания Тверь
b Издательство ТвГТУ
c Дата издания 2019
300 a Объем 195 с.
516 8_ a Прим. о типе комп. файла/ данных Текст : непосредственный
520 0_ a Аннотация Посвящена актуальным вопросам современности – проблемам и траекториям развития современных социальных практик, в оптике которых высвечиваются интенции, мотивы, интересы, ожидания каждого человека. В связи с тем, что проблематика носит междисциплинарный характер, в обсуждении принимают участие представители разных специальностей: философы, социологи, психологи, медики, менеджеры. Изложены результаты теоретических и прикладных исследований по вопросам специфики современных социальных практик. Представляет собой часть образовательного проекта, мотивирующего профессиональную подготовку студентов, бакалавров, магистрантов, аспирантов в области технических, социогуманитарных, медицинских и управленческих наук.
583 a Действие Приписка : текст
583 a Действие Перевод
583 a Действие Перевод
653 0_ a Ключевые слова Человеческий капитал
a Ключевые слова Качество жизни
a Ключевые слова Цифровой мир
a Ключевые слова ТвГТУ
655 a Жанр/ форма (устаревшее) М
700 12 a Другие авторы Евстифеева Е.А.
700 12 a Другие авторы Майкова Э.Ю.
700 1_ a Другие авторы Филиппченкова С.И.
700 1_ a Другие авторы Потамская В.П.
700 1_ a Другие авторы Цуркан Д.А.
900 a Имя макрообъекта 001-000135598-000000000-0000-0000-00
901 t Тип документа m
905 b Дата создания записи обработка 20.08.25
a Дата создания записи 06.02.20
c Дата приписки 03.03.23
d Дата перевода 11.11.25
922 c Кафедра Психология, история и философия
c Кафедра Социология и социальные технологии
951 i EL-ТГТУ? Да
952 a Тип литературы для КСУ ВШ М2
952 e Факультет ФУСК
990 g Размещение заказа (DOS) РИЦ
990 f Даты поступлений (DOS) 30.01.20
f Даты поступлений (DOS) 16.02.23
g Размещение заказа (DOS) РИЦ
h N записи в КСУ для Б/У (DOS) 6/2020
h N записи в КСУ для Б/У (DOS) 7/2023
j Количество экземпляров (DOS) 66+3